Optics and Optical Instruments (Record no. 3732)

MARC details
000 -LEADER
fixed length control field 00487nam a2200193 4500
003 - CONTROL NUMBER IDENTIFIER
control field OSt
005 - DATE AND TIME OF LATEST TRANSACTION
control field 20191022151253.0
008 - FIXED-LENGTH DATA ELEMENTS--GENERAL INFORMATION
fixed length control field 160425b xxu||||| |||| 00| 0 eng d
020 ## - INTERNATIONAL STANDARD BOOK NUMBER
International Standard Book Number 0486606422
040 ## - CATALOGING SOURCE
Transcribing agency 040a
082 ## - DEWEY DECIMAL CLASSIFICATION NUMBER
Classification number 535
Item number JOH 1969
100 ## - MAIN ENTRY--PERSONAL NAME
Personal name Johnson B K
9 (RLIN) 8241
245 ## - TITLE STATEMENT
Title Optics and Optical Instruments
260 ## - PUBLICATION, DISTRIBUTION, ETC. (IMPRINT)
Place of publication, distribution, etc. New York
Name of publisher, distributor, etc. Dover Publication
Date of publication, distribution, etc. 1960
300 ## - PHYSICAL DESCRIPTION
Extent viii,224p;
Other physical details ill :
Dimensions 10 cm
504 ## - BIBLIOGRAPHY, ETC. NOTE
Bibliography, etc Includes index
650 ## - SUBJECT ADDED ENTRY--TOPICAL TERM
Topical term or geographic name as entry element Optics
9 (RLIN) 780
942 ## - ADDED ENTRY ELEMENTS (KOHA)
Source of classification or shelving scheme Dewey Decimal Classification
Koha item type Short Loan
Holdings
Withdrawn status Lost status Source of classification or shelving scheme Damaged status Not for loan Home library Current library Date acquired Inventory number Total Checkouts Full call number Barcode Date last seen Price effective from Koha item type
    Dewey Decimal Classification     MUST Main Library MUST Main Library 25/04/2016 2007/29195   535 JOH 1969 2016-1264 25/04/2016 25/04/2016 Short Loan